| 000 | 00000nam##2200000za#4500 |
| 001 | 9.634850 |
| 003 | CaOODSP |
| 005 | 20220622110038 |
| 007 | cr ||||||||||| |
| 008 | 150407|2007||||xxc|||||o f|0| 0 fre|d |
| 020 | |a978-0-662-07760-2 |
| 040 | |aCaOODSP|bfre |
| 043 | |an-cn--- |
| 086 | 1 |aH164-62/2007F-PDF |
| 110 | 1 |aCanada. |bSanté Canada. |bDirection des produits de santé naturels. |
| 245 | 10|aProcédure à suivre après la délivrance de la licence |h[ressource électronique] |
| 250 | |aVersion 1.0 |
| 260 | |aOttawa - Ontario : |bSanté Canada. |cDécembre 2007. |
| 300 | |a28p. |
| 590 | |a12-42-Supp|b2012-11-21 |
| 775 | 08|tPost licensing guidance document |w(CaOODSP)9.690490 |
| 856 | 40|ahttp://publications.gc.ca|qPDF|s192 Ko|uhttps://publications.gc.ca/collections/collection_2012/sc-hc/H164-62-2007-fra.pdf |